Bible saindua (Record no. 33433)

MARC details
000 -LEADER
campo de control de longitud fija 00640nam a2200193 i 4500
001 - NÚMERO DE CONTROL
campo de control 33433
003 - IDENTIFICADOR DE NÚMERO DE CONTROL
campo de control ES-MaACL
005 - FECHA Y HORA DE LA ÚLTIMA TRANSACCIÓN
campo de control 20230906154745.0
007 - CAMPO FIJO DE DESCRIPCIÓN FÍSICA--INFORMACIÓN GENERAL
campo de control de longitud fija t|
008 - DATOS DE LONGITUD FIJA--INFORMACIÓN GENERAL
campo de control de longitud fija 030202s1972 sp ||||1| baq d
130 0# - ENTRADA PRINCIPAL--TÍTULO UNIFORME
Título uniforme Biblia.
Lenguaje de la obra Vasco.
9 (RLIN) 119316
245 10 - MENCIÓN DEL TÍTULO
Título Bible saindua
Resto del título : = La Santa Biblia /
Mención de responsabilidad, etc. versión euskérica de la Vulgata por el Capitán Duvoisin ; prólogo por Lino de Aquesolo.
260 ## - PUBLICACIÓN, DISTRIBUCIÓN, ETC.
Lugar de publicación, distribución, etc. Bilbao :
Nombre del editor, distribuidor, etc. La Gran Enciclopedia Vasca,
Fecha de publicación, distribución, etc. 1972.
300 ## - DESCRIPCIÓN FÍSICA
Extensión 3 v., 179 lám. ;
Dimensiones 23 cm.
700 1# - ENTRADA AGREGADA--NOMBRE PERSONAL
Nombre de persona Duvoisin.
9 (RLIN) 46392
700 1# - ENTRADA AGREGADA--NOMBRE PERSONAL
Nombre de persona Aquesolo, Lino de.
9 (RLIN) 22132
740 3# - ENTRADA AGREGADA--TÍTULO RELACIONADO/ANALÍTICO NO CONTROLADO
Título relacionado o analítico no controlado La Santa Biblia.
852 ## - LOCALIZACIÓN
Ubicación ES-MaACL
Número de control de estantería C-53836-8
Sublocalización o colección R.86671
Holdings
Estatus retirado Estado de pérdida Estado de daño No para préstamo Biblioteca de origen Biblioteca actual Ubicación en estantería Fecha de adquisición Fuente de adquisición Total de préstamos Signatura topográfica completa Código de barras Visto por última vez Precio de reemplazo Tipo de ítem Koha
        Biblioteca del Ateneo de Madrid Biblioteca del Ateneo de Madrid Depósito 2 17/01/2008     C-53836-8 1034779 23/02/2023 23/02/2023 Libro impreso